000 00684nam a2200217 a 4500
003 DO-SdBNP
005 20220518075927.0
007 ta
008 220517e2010 dr ||||er|||| 001 hdspa d
020 _a9789945469134
040 _aDO-SdBNP
_bspa
_cBNPHU
082 4 _222
_bA365c
245 1 0 _aCuentos de sobeida:
_bhice mi agosto en La Bolita /
_cRafael Alduey; Prólogo, Orlando Holguín.
260 _aSanto Domingo :
_bMabalo Publicidad/Tiro gráfico,
_c2010
300 _a126 p. ;
_c21 cm.
590 _aInventariado 2022 / MF
650 4 _922799
_aHumorismo
_xCuentos
_zRepública Dominicana
700 1 _aHoguín, Orlando
_epról.
_981634
910 _aMFeliz
942 _2ddc
_cLBS1
999 _c51748
_d51748